Marvel Cinematic Universe: Members of the Thunderbolts by Picture - Statistics

General Stats
  • This quiz has been taken 140 times
  • The average score is 6 of 7
Answer Stats
Picture Answer % Correct
Bucky Barnes
99%
Ava Starr
96%
Yelena Belova
95%
Alexei Shostakov
93%
John Walker
93%
Antonia Dreykov
90%
Valentina Allegra de Fontaine
76%
No matching quizzes found
Score Distribution
Percent of People with Each Score
Percentile by Number Answered
Your Score History
You have not taken this quiz